Quizzes
Events
Quiz Creation
Community
Videos
Private Events
Remove Ads
Sign In
Join for FREE
Feedback
Dark Mode
Quiz Categories
Sports
Geography
Music
Movies
Television
Just For Fun
Miscellaneous
History
Literature
Language
Science
Gaming
Entertainment
Religion
Holiday
For Kids
Quiz Lab
Recent
Popular Today
Quiz Kudos Today
Editor Picks
Curator Picks
Quizzes by...
Day
Popularity
Type
Ratings
Length
Year
Community
Subscriptions
Recent Discussions
Orange Saloon
Badges
Playlists
Quests
Create
Leaderboards
Showdown
Live 5
Trivia Bingo
Activity
Puzzle Library
Sporcle Events
Private Events
Virtual Trivia
Globe League
Become a Host
Pub Owners
SporcleCon
Opinionation
Our Games
Videos
Blog
Mobile Apps
Partnerships
Remove Ads and Go Orange
Feedback
Science
Computer
Plants
Astronomy
Chemistry
Elements
Math
Animal
Physics
Anatomy
Biology
Geology
General Science
Science
Computer
Plants
Astronomy
Chemistry
Elements
Math
Animal
Physics
Anatomy
Biology
Geology
General Science
Random Quiz
Search Sporcle
×
Quiz Lab
Quiz Lab
Science
Physics
Type in answers that appear in a list
Type in answers that appear in a list
Classic
Best Score? Go Orange.
Sandyraviwu productions Stats
Can you name the right answers for this mildly amusing physics game?
By
sandman30303
15m
21 Questions
13 Plays
13 Plays
13 Plays
Comments
Comments
Give Quiz Kudos
Give Quiz Kudos
-
- Ratings
hide this ad
Replay
Link that replays current quiz
Next Quiz
Link to next quiz in quiz playlist
You Got
0%
They Got
Avg Score
35%
Avg Friend Score
Upgrade to see
Score Distribution
Jump to the score distribution portion of the page
Score
0/21
Timer
15:00
0
Plays Today
Question
Answer
% Correct
mass * acceleration
Force
92.3%
change in momentum over time is?
force
92.3%
does torque increase as radius increases?
yes
53.8%
Does change in kinetic energy depend on the path a ball falls?
no
53.8%
A uniform shell (of matter) exerts _
net force on a particle located inside it?
no
53.8%
What has both size and direction?
vector
46.2%
power is what over time?
work
30.8%
An object is at rest on a table. What is the normal force on it?
mg
30.8%
Most everyday collisions are?
inelastic
30.8%
A figure skater pulls her arms and legs in towards her body. What happens to her angular velocity?
increases
30.8%
Take the integral of the _
_
_
_
_
_
_
_
_
_
equation to find distance traveled?
velocity
30.8%
Question
Answer
% Correct
An 18 wheeler and a Honda Fit collide. Which exerts the greater force?
neither
30.8%
potential energy is?
mgh
23.1%
work equals?
F*D
23.1%
A ball is thrown. Its acceleration in the horizontal direction is?
0
23.1%
At the top of a ball's parabolic motion, the velocity in the vertical direction is?
0
23.1%
coefficient of friction?
u
15.4%
centripetal acceleration equation?
v^2|r
15.4%
Whose law is E*A?
Gauss's
15.4%
What type of force is gravity?
conservative
15.4%
formula for kinetic energy?
(mv^2)|2
7.7%
Quiz Playlist
Details
Report
Send in Message
Add To Playlist
Classic:
Type in answers that appear in a list
Last Updated: Feb 16, 2017
Quiz Scoreboard
CHALLENGE
Sign Up to Join the Scoreboard
Show All
Scores
Hide
Comments
May contain spoilers
Recently Published
College Basketball Coaching Resumes
by pancakes188
Sports
9m
Billboard Blitz: Fleetwood Mac
by CooCooCachoo
Music
15s
Presidents Visiting Landmarks
by Hejman
History
7m
More to Explore
Quiz From the Vault
Featured Blog Post
Where Did the Easter Bunny Come From?
hide this ad
You Might Also Like...
Tags
Physics Quiz
production
Today's Top Quizzes in Science
Browse Science
hide this ad
Today's Top Quizzes in Physics
Browse Physics
Top Contributed Quizzes in Science
1
Quick Pick: Radians
2
Quick Pick: 'CI-CJ' Animals
3
The First 100 Digits of Pi
4
Elements In Images
5
One Thing in Common: Science
6
Name the Acid, Base or Salt
7
Science Jokes
8
One Thing in Common: Science III
9
One Thing in Common: Science II
10
One Thing in Common: Animals
Explore More
Trending Topics
Kpop
Anime
Crossword
Marvel
NBA
Disney
Harry Potter
WWE
Song
Country
Puzzle
The Office
NFL
Soccer
Pokémon
hide this ad
More By:
sandman30303
Quiz
Plays
Rating
Category
Featured
Created
sandyraviwu productions
13
Science
May 26, 2010
Go to Creator's Profile
Score Distribution
Quiz Creator Spotlight
sandman30303
Follow
Send a Message
Quizzes Created
-
Created Quiz Play Count
-
More By This Creator
Popular Quizzes Today
1
Find the US States - No Outlines Minefield
2
Find the Countries of Europe - No Outlines Minefield
3
The Countries of the World
4
Find the US States
5
Risky Map Clicking: Biggest States A-Z
6
US States
7
Popular People in 1961
8
Movies - When Are They Set?
More Science Quizzes
Diagnosis Sporclitis: Science
Editor's Pick
Trending Quizzes
Risky Map Clicking: Least Populous States A-Z
1-10 Letter G Words
1-10 Letter F Words
Risky Map Clicking: Next State Alphabetically
Click the Washington State Counties! (Map)
Recently Updated
Leaping Animals
pecheneg
Reality TV Shows (A-Z)
bhenderson79
Rickey Henderson's Hall of Fame Teammates
pecheneg
Champions League XIs: Arsenal
pecheneg
Quick Pick: Celebrities in WWE's Hall of Fame
aduchscher
A-Z Keypad Blitz II
pecheneg
Multiple Oscar Actors
pecheneg
Mystery Phrase Blitz: Oscar 'Best Actors'
pecheneg
F. Scott Fitzgerald Novels
LTH
Pick 3 Villains
ddd62291
Trending Topics
Harry Potter
Anime
Crossword
Marvel
Kpop
NBA
Disney
Puzzle
NFL
Soccer
Country
WWE
Song
Pokémon
The Office
Your Account Isn't Verified!
In order to create a playlist on Sporcle, you need to verify the email address you used during registration. Go to your
Sporcle Settings
to finish the process.
Report this User
Report this user for behavior that violates our
Community Guidelines
.
Details:
Send Report
Go to the Sporcle.com Mobile Site →
Comments